Brian's hunt / (Record no. 2547)

MARC details
000 -LEADER
fixed length control field 00960cam a2200301 a 4500
005 - DATE AND TIME OF LATEST TRANSACTION
control field 20231214161701.0
020 ## - INTERNATIONAL STANDARD BOOK NUMBER
International Standard Book Number 0385746474 (trade hardcover)
020 ## - INTERNATIONAL STANDARD BOOK NUMBER
International Standard Book Number 0385908822
020 ## - INTERNATIONAL STANDARD BOOK NUMBER
International Standard Book Number 9780439676861
040 ## - CATALOGING SOURCE
Original cataloging agency DLC
Transcribing agency DLC
Modifying agency DLC
Language of cataloging eng
050 00 - LIBRARY OF CONGRESS CALL NUMBER
Classification number PZ7.P2843
Item number Bof 2003
082 00 - DEWEY DECIMAL CLASSIFICATION NUMBER
Classification number 006.5
Edition number 22
100 1# - MAIN ENTRY--PERSONAL NAME
Personal name Paulsen, Gary
245 10 - TITLE STATEMENT
Title Brian's hunt /
Statement of responsibility, etc. Gary Paulsen
250 ## - EDITION STATEMENT
Edition statement First Scholastic paperback printing, January 2006
260 ## - PUBLICATION, DISTRIBUTION, ETC.
Place of publication, distribution, etc. New York :
Name of publisher, distributor, etc. Scholastic,
Date of publication, distribution, etc. 2003
300 ## - PHYSICAL DESCRIPTION
Extent 103 pages :
Dimensions 22 cm
505 ## - FORMATTED CONTENTS NOTE
Formatted contents note Z
520 ## - SUMMARY, ETC.
Summary, etc. Two years after having survived a plane crash into the Canadian wilderness, a sixteen-year-old returns to the wild to befriend a wounded dog and hunt a rogue bear.
521 ## - TARGET AUDIENCE NOTE
Target audience note 1120
Source Lexile
521 ## - TARGET AUDIENCE NOTE
Target audience note Z
Source Raz-Plus
650 #1 - SUBJECT ADDED ENTRY--TOPICAL TERM
Topical term or geographic name entry element Dogs
Form subdivision Fiction.
650 #1 - SUBJECT ADDED ENTRY--TOPICAL TERM
Topical term or geographic name entry element Hunting
Form subdivision Fiction.
650 #1 - SUBJECT ADDED ENTRY--TOPICAL TERM
Topical term or geographic name entry element Bears
Form subdivision Fiction.
906 ## - LOCAL DATA ELEMENT F, LDF (RLIN)
a 7
b cbc
c orignew
d 1
e ecip
f 20
g y-gencatlg
942 ## - ADDED ENTRY ELEMENTS (KOHA)
Source of classification or shelving scheme Dewey Decimal Classification
Koha item type Books
Suppress in OPAC No
999 ## -
-- 2547
-- 2547
Holdings
Withdrawn status Lost status Source of classification or shelving scheme Damaged status Not for loan Collection Home library Current library Shelving location Date acquired Total Checkouts Full call number Barcode Date last seen Date last checked out Price effective from Koha item type Copy number
    Dewey Decimal Classification     Fiction Footprints International School Library Network Toul Tom Poung Campus Footprints International School Library Network Toul Kork Campus TTP Secondary Fiction Bookshelves 12/14/2023 1 PAU 006.5 PZ7.P2843 FISSE01077 04/04/2025 01/10/2024 12/14/2023 Books  
    Dewey Decimal Classification     Fiction Footprints International School Library Network Toul Tom Poung Campus Footprints International School Library Network Toul Tom Poung Campus TTP Secondary Fiction Bookshelves 12/14/2023   PAU 006.5 PZ7.P2843 2024-1958 09/13/2024   12/14/2023 Books 2